Statistics for Countries By Lowest Male to Female Ratio

Click here to take the quiz!

General Stats

  • This quiz has been taken 14 times
  • The average score is 9 of 19

Answer Stats

RatioAnswer% Correct
0.86Lithuania
100%
0.86Russia
100%
0.88Estonia
100%
0.86Latvia
100%
0.86Ukraine
93%
0.87Belarus
86%
0.92Georgia
71%
0.91Hungary
57%
0.91Kazakhstan
57%
0.93Croatia
50%
0.93Italy
43%
0.90Portugal
43%
0.92El Salvador
14%
0.88Nauru
7%
0.83Djibouti
0%
0.90Eswatini
0%
0.93Botswana
0%
0.89Antigua and Barbuda
0%
0.93Mauritania
0%

Score Distribution

Percentile by Number Answered

Percent of People with Each Score

Your Score History

You have not taken this quiz